Séries décrites selon le point de vue d'un personnage I - Statistiques

Statistiques générales
  • Ce quiz a été pris 1 808 fois
  • Le résultat moyen est 5 sur 20
Statistiques - réponses
Indice Série & personnage % Correct
Ancien prof de chimie, je m'épanouis aujourd'hui dans la synthèse de (S) (+)-N-méthyl-1-phényl- propane-2-amine Breaking Bad
82%
Spécialiste en éclaboussure de sang, j'espère ne jamais avoir à travailler sur mes propres oeuvres. Dexter
68%
Je vis en coloc avec un acteur, ma future femme habite en face et personne ne sait ce que je fais dans la vie. Friends
64%
Doctor
54%
Walter White
39%
Je suis un alien voyageant dans une cabine téléphonique aux mensurations fort à propos. Doctor Who
37%
Je suis le seul médecin de cette île, mais c'est toujours moi qui prend le plus de risques. Lost
37%
Chandler Bing
33%
Je suis sûr que ce n'est pas un lupus. Dr House
28%
Dexter Morgan
18%
Gregory House
16%
Je suis détective dans la ville la moins bien famée du monde. Sérieusement, déménagez ! Gotham
9%
Je donne des taloches à tous mes collègues, sauf une à qui j'apporte du café. NCIS
9%
Je ne suis pas franchement à l'aise par le fait d'être violée tous les mois par l'homme qui me loge, contre mon gré. The Handmaid Tale
9%
Leroy Jethro Gibbs
6%
James Gordon
4%
Si je faisais mes courses dans un supermarché, je prendrais la caissière... Hannibal
3%
Jack Shephard
3%
June Osborn
3%
Hannibal Lecter
2%
Aucun quiz correspondant
Distribution des résultats
% des personnes avec chaque résultat
Percentile par nombre de réponses
Votre historique - résultats
Vous n’avez pas pris ce quiz